000 00472nam a2200169Ia 4500
003 GCL
008 140319s9999 xx 000 0 ara d
040 _aGCL /
_cGCL
082 0 4 _aفيديو
_b116
245 1 0 _aالاذن والعين
260 _a[S.N] :
_bلا يوجد
490 _aمجموعة من موسوعة رحلة داخل جسم الانسان
_v0
650 0 4 _aالطب
650 0 4 _aالانسان
650 0 4 _aشرائط فيديو
942 _2ddc
_cBK
999 _c33852
_d33852